Digitales Archivportal zur Geschichte der Sorben: Arbeitsfortschritte und erste Ergebnisse

Titel: Digitales Archivportal zur Geschichte der Sorben: Arbeitsfortschritte und erste Ergebnisse / Clemens Heitmann
Verfasser:
In: Sorbisches Institut: Lětopis, Band 66, Heft 1 (2019), Seite 129-140
alle Artikel anzeigen
Veröffentlicht: 2019
Format: Aufsatz
Sprache: Deutsch
Schlagworte:
Kein Bild verfügbar
X
alg: 53003910
001A    $03025:21-05-25 
001B    $01999:21-05-25 $t23:13:58.000 
001D    $03025:21-05-25 
001U    $0utf8 
001X    $00 
002@    $0Aou 
002C    $aText $btxt $2rdacontent 
002D    $aohne Hilfsmittel zu benutzen $bn $2rdamedia 
002E    $aBand $bnc $2rdacarrier 
003@    $0530039109 
007A    $0530039109 $aHEB 
010@    $ager 
010E    $erda 
011@    $a2019 
021A    $aDigitales Archivportal zur Geschichte der Sorben: Arbeitsfortschritte und erste Ergebnisse $hClemens Heitmann 
028A    $BVerfasser $4aut $7132588951 $8Heitmann, Clemens$Z1969- [Tp1] $9184341760 
031A    $d66 $e1 $h129-140 $j2019 
039B    $aEnthalten in $8--Abvc--Sorbisches Institut [Tb1]. Lětopis. - Bautzen : Domowina-Verl., 1992-. - ISSN 0943-2787 $x201900000660001871 $9048608750 
044K    $RInformation und Dokumentation $#Information storage and retrieval systems $#Informatique documentaire $#Systèmes d'information $#information systems $#Informationssystem $#Informationssystem $#Informationssystem $#Computerunterstütztes Informationssystem $#Datenverarbeitung Informationssystem $#Fachinformationssystem $#Nachrichtensystem $#Dokumentationssystem Informationssystem $#Informationssysteme $74072806-7 $8Informationssystem [Ts1] $9085204900 
044K    $RSorbin $RElb- und Ostseeslawen $#Sorbs $#Sorabes $#Sorbe $#Wenden $#Serbja obersorbisch $#Serby niedersorbisch $74055619-0 $8Sorben [Ts1] $9085154792 
045F    $a020.943151090512 $eDDC23BSB 
045F/01 $a020 
045F/03 $f090512 
045F/03 $g43151 
045T    $a10 $a8,1 $a9,10 

lok: 53003910 78

exp: 53003910 78 1 #EPN
201B/01 $021-05-25 $t15:44:12.000 
201C/01 $021-05-25 
201U/01 $0utf8 
203@/01 $01304741230 
208@/01 $a21-05-25 $be 
209A/01 $a/ $f000 $x00 
209A/01 $ab*p $x01 
209A/01 $aEnglische Zusammenfassung, S. 162: Digital Archive Portal on the History of the Sorbs. Work in Progress and First Results $x03 
220C/01 $apgar 
244Z/01 $#Germania Slavica $#"Germania Slavica" $#Germania Slavica $#Germania Slavica $#Germania Slavica $#Germania Slavica $#Germania Slavica $8--Trx--Germania Slavica $x11 $9391371002 
247C/01 $82080>Marburg/Lahn, Herder-Institut, Forschungsbibliothek, Bibliographieportal $9336309341
LEADER 00000caa a2200000 c 4500
001 530039109
003 DE-603
005 20250521231358.0
007 tu
008 250521s2019 xx |||| | u00||u|ger c
035 |a (DE-599)HEB530039109 
040 |a DE-603  |b ger  |c DE-603  |d DE-603  |e rda 
041 |a ger 
082 0 4 |8 1\u  |a 020.943151090512  |q DE-101  |2 23/BSB 
084 |a 10  |a 8,1  |a 9,10  |2 ssgn 
085 |8 1\u  |b 020 
085 |8 1\u  |z 1  |s 090512 
085 |8 1\u  |z 2  |s 43151 
100 1 |a Heitmann, Clemens  |d 1969-  |e Verfasser  |4 aut  |0 (DE-603)184341760  |0 (DE-588)132588951  |2 gnd 
245 0 0 |a Digitales Archivportal zur Geschichte der Sorben: Arbeitsfortschritte und erste Ergebnisse  |c Clemens Heitmann 
264 0 |c 2019 
336 |a Text  |b txt  |2 rdacontent 
337 |a ohne Hilfsmittel zu benutzen  |b n  |2 rdamedia 
338 |a Band  |b nc  |2 rdacarrier 
650 7 |a Informationssystem  |0 (DE-588)4072806-7  |0 (DE-603)085204900  |2 gnd 
650 7 |a Sorben  |0 (DE-588)4055619-0  |0 (DE-603)085154792  |2 gnd 
773 0 8 |i Enthalten in  |a Sorbisches Institut  |t Lětopis  |d Bautzen : Domowina-Verl., 1992-  |h 24 cm  |x 0943-2787  |g Band 66, Heft 1 (2019), Seite 129-140  |w (DE-603)048608750  |w (DE-600)1116990-4 
924 0 |9 2080  |a (DE-603)1304741230  |b DE-2080  |c HES  |d d  |g /